|
|
|
|
| LEADER |
00000nab a2200000 a 4500 |
| 001 |
vtls001027552 |
| 003 |
SK-MaSNL |
| 005 |
20260303035905.0 |
| 008 |
040720e19991216xo 0 slo |
| 035 |
|
|
|a SL6106
|
| 040 |
|
|
|a SLLK
|b slo
|c SLLK
|e AACR2
|
| 041 |
0 |
|
|a slo
|
| 044 |
|
|
|a xo
|c SK
|
| 080 |
|
|
|a 368
|2 1981
|
| 100 |
0 |
|
|a (m)
|4 aut
|9 859904
|
| 245 |
1 |
0 |
|a Jubilujúca poisťovňa
|
| 610 |
2 |
7 |
|a Slovenská poisťovňa (Stará Ľubovňa, Slovensko)
|2 SLLK
|9 59304
|
| 650 |
0 |
7 |
|a výročie 25.
|2 SLLK
|9 882169
|
| 650 |
0 |
7 |
|a informácie
|2 SLLK
|9 1285
|
| 651 |
|
7 |
|a Stará Ľubovňa (Slovensko)
|2 SLLK
|9 19193
|
| 651 |
|
7 |
|a SL,
|2 SLLK
|9 1022390
|
| 655 |
|
7 |
|a periodikum
|2 snkbucl
|9 29553
|
| 710 |
2 |
|
|a Slovenská poisťovňa (Stará Ľubovňa, Slovensko)
|4 aut
|9 59304
|
| 773 |
0 |
8 |
|t Ľubovnianske noviny
|g Roč. 25, č.50, 16.12.1999, s. 1
|
| 852 |
|
|
|a ZVYKNI
|b KIS3GCP
|
| 999 |
|
|
|c 1679310
|d 1681240
|